Crónica de una muerte anunciada

Obra que contiene elementos de realismo mágico e incluye elementos policiales. La historia está basada en un suceso real sobre un asesinato en el pueblo de nacimiento de García Márquez, Colombia. El tema central de esta novela es la muerte de Santiago Nasar provocada por los hermanos Pedro y Pablo V...

Celý popis

Uloženo v:
Podrobná bibliografie
Hlavní autor: García Márquez, Gabriel
Médium: Kniha
Jazyk:Undetermined
Vydáno: La Habana, Cuba Casa de las Américas [s.f.]
Témata:
Tagy: Přidat tag
Žádné tagy, Buďte první, kdo vytvoří štítek k tomuto záznamu!

MARC

LEADER 00000nam a2200000Ia 4500
008 170316s9999 xx 000 0 und d
040 |a cru BVZT 
090 |a 860 G-12cr 
100 |a García Márquez, Gabriel  |9 985 
245 |a Crónica de una muerte anunciada 
260 |a La Habana, Cuba 
260 |b Casa de las Américas 
260 |c [s.f.] 
300 |a 159 páginas 
520 |a Obra que contiene elementos de realismo mágico e incluye elementos policiales. La historia está basada en un suceso real sobre un asesinato en el pueblo de nacimiento de García Márquez, Colombia. El tema central de esta novela es la muerte de Santiago Nasar provocada por los hermanos Pedro y Pablo Vicario, por manchar el nombre de su familia. 
650 |a LITERATURA LATINOAMERICANA  |9 15 
650 |a NOVELA  |9 13 
942 |c 4 D  |h 860 G-12cr  |2 z  |6 860_G12CR 
999 |c 8694  |d 8694